000 00544nam a2200193Ia 4500
005 20250508162013.0
008 008 250505s9999 xx 000 0 eng d
037 _aReference
040 _aFEDL
_beng
_cFEDL
041 _aeng
_2eng
084 _a745.51, JAN
_qFEDL
100 _aJanardan Prasad
245 0 _aBasic engineering-craft studies in wood working Vol. 1
260 _aDelhi, India
_bJagdish and Company
_c1975
300 _a132p.
365 _aINR
_b6.6
942 _cREF
_h745.51, JAN
999 _c1373773
_d1373773